Нормален изглед
MARC изглед
- Ноулс-Картър, Бийонсе Жизел
Вход 01. Лично име
001 - Контролен номер на записа
- Контролно поле: 493634
003 - Код на организацията, даваща контролен номер
- Контролно поле: BLK
005 - Дата и час на последна промяна на записа
- Контролно поле: 20240709140142.0
008 - Данни с фиксирана дължина – обща информация
- Данни с фиксирана дължина : 240709|| aca||aabn | a|a d
100 ## - ИМЕ НА ЛИЦЕ -ПЪРВИЧНА ИНТЕЛЕКТУАЛНА ОТГОВОРНОСТ
- Лично име: Ноулс-Картър, Бийонсе Жизел
- Звания и думи, свързани с автора: Queen B, First Lady of Music
- Дати, свързани с автора: 1981 -
- Друга информация: Американска певица, актриса, авторка на песни и продуцентка
370 ## - Населено място
- Място на раждане: Хюстън, Тексас
942 ## - Системна служебна употреба
- Koha auth type: PERSO_NAME